000 00551nam a2200217Ia 4500
005 20250320045209.0
008 240331s9999 xx 000 0 und d
020 _a8170541174
082 _bMAH
_2302.2
100 _aMahajan, K
245 0 _aCommunication and Society:
_bThe Emerging Human Concerns
260 _aNew Delhi,
_bClassical Publishing Company
_c1990
300 _axvi, 304 p.,
650 _aCommunication
650 _aDevelopment
650 _aSociety
650 _aJournalism
650 _aMedia
650 _aWomen
942 _cL
999 _c1404
_d1404